000
00322nam a2200133Ia 4500
999
_c
14219
_d
14219
003
OSt
005
20260312151027.0
008
260210s9999 xx 000 0 und d
020
_a
9781682867570
100
_a
Regina Cobb
245
0
_a
Natural Disaster Handbook
260
_b
Syrawood Publishing House
942
_c
BPLAN
_2
ddc